Hello, My Name Is...'G' Quiz Stats

 Plays Quiz Updated Sep 10, 2018

Challenge
Share
Tweet
Score 0/25 Timer 08:00
6 Plays Today
Column % Correct
George Clooney
90.6%
Gwen Stefani
81.2%
Gordon Ramsay
78%
Gary Busey
75.6%
Gwyneth Paltrow
74.3%
Gene Wilder
73.9%
Glenn Close
73.6%
Groucho Marx
72.9%
Geena Davis
63.3%
Gloria Estefan
62.2%
Grace Kelly
60.4%
Goldie Hawn
58.3%
Garth Brooks
57%
Column % Correct
Geraldo Rivera
56.2%
Gillian Anderson
54.9%
Gina Lollobrigida
54.4%
Greta Garbo
53.8%
Gerard Butler
50.9%
Gilda Radner
47.5%
Gregory Peck
46.6%
Gladys Knight
39.5%
Gisele B√ľndchen
36.6%
Gavin MacLeod
34.1%
Gallagher
30.9%
Ginger Rogers
13.5%

You're not logged in!

Compare scores with friends on all Sporcle quizzes.
OR
Log In

You Might Also Like...

Show Comments

Extras

Top Quizzes Today


Score Distribution

Your Account Isn't Verified!

In order to create a playlist on Sporcle, you need to verify the email address you used during registration. Go to your Sporcle Settings to finish the process.

Report this User

Report this user for behavior that violates our Community Guidelines.

Details: